[Event "Chigorin Memorial 29th"]
[Site "St Petersburg"]
[Date "2022.10.27"]
[Round "6"]
[White "Gulaia, Maria"]
[Black "Makshanov, Matvey"]
[Result "0-1"]
[WhiteElo "1307"]
[BlackElo "1639"]
[PlyCount "142"]
[EventDate "2022.10.22"]
[EventType "swiss"]
[EventRounds "9"]
[EventCountry "RUS"]
[SourceTitle "EXT 2024"]
[Source "ChessBase"]
[SourceDate "2023.10.10"]
[SourceVersion "1"]
[SourceVersionDate "2023.10.10"]
[SourceQuality "1"]

1. e4 e5 2. Nf3 Nc6 3. Bc4 Bc5 4. c3 Nf6 5. d4 exd4 6. e5 d5 7. Bb5 Ne4 8. cxd4 Bb4+ 9. Bd2 Bxd2+ 10. Nbxd2 Bd7 11. 0-0 0-0 12. Re1 Nxd2 13. Qxd2 Ne7 14. Bd3 a5 15. Ng5 h6 16. e6 fxe6 17. Nxe6 Bxe6 18. Rxe6 Nf5 19. Bc2 Qh4 20. Rd1 Nd6 21. f3 Rae8 22. Rxe8 Rxe8 23. Qf2 Qf6 24. Bb3 c6 25. Qd2 Nf5 26. Bc2 Ne3 27. Re1 Qf4 28. Be4 Nxg2 29. Bxd5+ Kf8 30. Rxe8+ Kxe8 31. Qxf4 Nxf4 32. Bc4 b5 33. Bf1 Ne6 34. d5 cxd5 35. Bxb5+ Ke7 36. Kf2 Kd6 37. Ke3 Kc5 38. Bd7 Nd4 39. f4 Kc4 40. Bc8 Nc2+ 41. Kd2 Nb4 42. b3+ Kd4 43. a3 Nd3 44. f5 Ne5 45. h3 h5 46. Bb7 Nf3+ 47. Kc2 Ng5 48. h4 Nf3 49. b4 axb4 50. axb4 Nxh4 51. b5 Kc5 52. b6 d4 53. Bf3 Kxb6 54. Bxh5 Nxf5 55. Kd3 Kc5 56. Bg6 Nd6 57. Bh5 g5 58. Bg4 Kd5 59. Bf3+ Ke5 60. Bg4 Kf4 61. Bd7 Nf5 62. Bc6 g4 63. Bg2 Nh4 64. Bh1 Nf3 65. Ke2 Ke4 66. Bg2 Kf4 67. Bh1 Kg3 68. Kd3 Kh2 69. Bxf3 gxf3 70. Kxd4 f2 71. Kd5 f1Q 0-1

[Event "Chigorin Memorial 29th"]
[Site "St Petersburg"]
[Date "2022.10.25"]
[Round "4"]
[White "Gulaia, Maria"]
[Black "Barkasheva, Sofia"]
[Result "1-0"]
[WhiteElo "1307"]
[BlackElo "1676"]
[PlyCount "89"]
[EventDate "2022.10.22"]
[EventType "swiss"]
[EventRounds "9"]
[EventCountry "RUS"]
[SourceTitle "EXT 2024"]
[Source "ChessBase"]
[SourceDate "2023.10.10"]
[SourceVersion "1"]
[SourceVersionDate "2023.10.10"]
[SourceQuality "1"]

1. d4 d5 2. c4 c6 3. Nf3 Nf6 4. e3 e6 5. b3 Be7 6. Bd3 Nbd7 7. 0-0 Ne4 8. Bb2 Ndf6 9. Nbd2 h6 10. Qc2 Nxd2 11. Nxd2 0-0 12. Rfe1 Bb4 13. f3 Qa5 14. Re2 Ba3 15. Bc3 Bb4 16. Bxb4 Qxb4 17. e4 Qb6 18. c5 Qb4 19. Qb2 Nh5 20. g3 Nf6 21. a3 Qa5 22. b4 Qa4 23. e5 Ne8 24. Rf1 b6 25. Nb1 b5 26. Nc3 Qa6 27. a4 Nc7 28. axb5 cxb5 29. f4 Qc6 30. g4 a5 31. bxa5 Rxa5 32. Qb4 Qa6 33. f5 Bd7 34. f6 g6 35. Qb1 Kh7 36. h4 Be8 37. h5 Ra3 38. hxg6+ fxg6 39. Qc1 Rxc3 40. Qxc3 b4 41. Qd2 Bb5 42. Rh2 h5 43. Rxh5+ Kg8 44. Qh6 Rf7 45. Qh8# 1-0

[Event "Chigorin Memorial 29th"]
[Site "St Petersburg"]
[Date "2022.10.22"]
[Round "1"]
[White "Shinkarev, Artem"]
[Black "Gulaia, Maria"]
[Result "1-0"]
[WhiteElo "1987"]
[BlackElo "1307"]
[PlyCount "131"]
[EventDate "2022.10.22"]
[EventType "swiss"]
[EventRounds "9"]
[EventCountry "RUS"]
[SourceTitle "EXT 2024"]
[Source "ChessBase"]
[SourceDate "2023.10.10"]
[SourceVersion "1"]
[SourceVersionDate "2023.10.10"]
[SourceQuality "1"]

1. d4 Nf6 2. c4 e6 3. Nc3 Bb4 4. e3 d5 5. a3 Be7 6. Nf3 0-0 7. Bd3 c5 8. 0-0 cxd4 9. exd4 dxc4 10. Bxc4 b6 11. d5 Qc7 12. Qe2 exd5 13. Nxd5 Nxd5 14. Bxd5 Bb7 15. Bf4 Qd7 16. Bc4 Bf6 17. Rfd1 Qf5 18. Bd6 Rd8 19. Be7 Rxd1+ 20. Rxd1 Nc6 21. Bxf6 gxf6 22. Bb3 Ne5 23. Nxe5 fxe5 24. Bc2 Qg5 25. g3 Bc6 26. Qd3 e4 27. Qc4 Qb5 28. Qxb5 Bxb5 29. Bxe4 Re8 30. f3 Re5 31. Kf2 f5 32. Bd5+ Kg7 33. Rd2 Kf6 34. f4 Re7 35. Rc2 Rd7 36. Bf3 h6 37. Ke1 Rd3 38. Be2 Re3 39. Kf2 Rb3 40. Bd1 Rd3 41. Be2 Rb3 42. Bxb5 Rxb5 43. Rc6+ Kg7 44. b4 a5 45. Rc4 Kg6 46. Ke3 Kf6 47. Kd4 axb4 48. axb4 Ke7 49. Rc7+ Kd6 50. Rh7 Rxb4+ 51. Kd3 Kd5 52. Rxh6 Rb3+ 53. Kc2 Rb4 54. Rg6 Ke4 55. h4 Kf3 56. h5 Re4 57. h6 Re2+ 58. Kc3 Rh2 59. Kd4 Rh5 60. Kd5 Rh1 61. Kc6 Rb1 62. h7 Rh1 63. Rg7 b5 64. Kxb5 Rh6 65. Kc4 Ke4 66. Kc5 1-0

[Event "Chigorin Memorial 28th"]
[Site "St Petersburg"]
[Date "2021.10.31"]
[Round "9"]
[White "Gulaia, Maria"]
[Black "Tochilina, Margarita"]
[Result "1-0"]
[WhiteElo "1351"]
[BlackElo "1320"]
[PlyCount "115"]
[EventDate "2021.10.23"]
[EventType "swiss"]
[EventRounds "9"]
[EventCountry "RUS"]
[SourceTitle "EXT 2023"]
[Source "ChessBase"]
[SourceDate "2022.10.05"]
[SourceVersion "1"]
[SourceVersionDate "2022.10.05"]
[SourceQuality "1"]

1. d4 d5 2. c4 dxc4 3. Nf3 Nf6 4. Qa4+ Nbd7 5. Qxc4 a6 6. Bf4 c6 7. g3 e6 8. Bg2 c5 9. 0-0 b5 10. Qd3 Bb7 11. Nc3 Be7 12. Ne5 Qb6 13. Rfd1 0-0 14. Nxd7 Nxd7 15. d5 c4 16. Qc2 Bc5 17. e4 e5 18. Bh3 exf4 19. Bxd7 Qg6 20. Bf5 Qg5 21. Qd2 g6 22. Bh3 Qh5 23. Bg2 f3 24. Bh1 Bd6 25. Qe3 Qe5 26. Bxf3 h5 27. Qd4 Qe7 28. Re1 Be5 29. Qd2 Bc8 30. Ne2 Qf6 31. Bg2 Bxb2 32. Rab1 Be5 33. f4 Qb6+ 34. Kh1 Bg7 35. e5 Bf5 36. Rbc1 Rad8 37. Nd4 Bc8 38. Nc6 Rde8 39. Qd4 Qxd4 40. Nxd4 Bd7 41. d6 Kh7 42. Bb7 a5 43. Bc6 Rd8 44. Bxd7 Rxd7 45. Nxb5 Rb8 46. a4 Rc8 47. Re4 c3 48. Rxc3 Rxc3 49. Nxc3 Kg8 50. Nd5 Kf8 51. Rc4 Rd8 52. Kg2 Ke8 53. Kf3 Kd7 54. Rc7+ Ke6 55. Ke4 Bf8 56. h3 f5+ 57. Kd4 Bh6 58. Re7# 1-0

[Event "Chigorin Memorial 28th"]
[Site "St Petersburg"]
[Date "2021.10.25"]
[Round "3"]
[White "Chervyakova, Tatiana"]
[Black "Gulaia, Maria"]
[Result "1-0"]
[WhiteElo "1630"]
[BlackElo "1351"]
[PlyCount "87"]
[EventDate "2021.10.23"]
[EventType "swiss"]
[EventRounds "9"]
[EventCountry "RUS"]
[SourceTitle "EXT 2023"]
[Source "ChessBase"]
[SourceDate "2022.10.05"]
[SourceVersion "1"]
[SourceVersionDate "2022.10.05"]
[SourceQuality "1"]

1. d4 d5 2. c4 e6 3. Nf3 Nf6 4. Nc3 Be7 5. Bf4 0-0 6. e3 b6 7. Rc1 Bb7 8. Be2 Nbd7 9. 0-0 c5 10. h3 Rc8 11. cxd5 exd5 12. Bh2 Re8 13. Ne5 c4 14. f4 a6 15. g4 b5 16. g5 Nxe5 17. gxf6 Bxf6 18. fxe5 Bg5 19. Bf4 Bc6 20. Bg4 Bxf4 21. exf4 Rc7 22. Kh2 b4 23. Na4 Bxa4 24. Qxa4 Qe7 25. Qa5 Rd8 26. f5 f6 27. exf6 Qd6+ 28. Kh1 gxf6 29. Bf3 Rg7 30. Rg1 Qd7 31. Qb6 Qd6 32. Rxg7+ Kxg7 33. Qxd6 Rxd6 34. Kh2 a5 35. b3 c3 36. Kg3 Kf7 37. Kf4 Ke7 38. Be2 Rb6 39. Bd3 Kd7 40. Rg1 Kd6 41. Rg7 c2 42. Bxc2 Rc6 43. Bd3 Rc3 44. Bb5 1-0

[Event "Moscow Time of the First U11 Girls"]
[Site "Moscow"]
[Date "2019.06.21"]
[Round "7"]
[White "Gulaia, Maria"]
[Black "Grakholskaya, Anna"]
[Result "0-1"]
[WhiteElo "1110"]
[BlackElo "1117"]
[PlyCount "54"]
[EventDate "2019.06.17"]
[EventType "swiss"]
[EventRounds "9"]
[EventCountry "RUS"]
[SourceTitle "EXT 2021"]
[Source "ChessBase"]
[SourceDate "2020.10.23"]
[SourceVersion "1"]
[SourceVersionDate "2020.10.23"]
[SourceQuality "1"]

1. d4 Nf6 2. Nf3 d5 3. c4 e6 4. Nc3 c5 5. cxd5 cxd4 6. Nxd4 exd5 7. Bg5 Be7 8. g3 h6 9. Be3 0-0 10. Bg2 Be6 11. 0-0 Nc6 12. Nc2 Qd7 13. Qd2 Rfd8 14. Rfd1 Ne5 15. Bd4 Nc4 16. Qc1 b5 17. Bxf6 Bxf6 18. Bxd5 Bxd5 19. Rxd5 Qe6 20. Rxd8+ Rxd8 21. Ne3 b4 22. Nxc4 bxc3 23. b3 c2 24. Ne3 Bxa1 25. Qxa1 Rc8 26. Qc1 Qa6 27. a4 Qxe2 0-1

[Event "RUS Cup U09 Girls final"]
[Site "Bryansk"]
[Date "2019.01.07"]
[Round "4"]
[White "Korneva, Elizaveta"]
[Black "Gulaia, Maria"]
[Result "1-0"]
[WhiteElo "1341"]
[BlackElo "1117"]
[PlyCount "81"]
[EventDate "2019.01.04"]
[EventType "swiss"]
[EventRounds "7"]
[EventCountry "RUS"]
[SourceTitle "EXT 2021"]
[Source "ChessBase"]
[SourceDate "2020.10.23"]
[SourceVersion "1"]
[SourceVersionDate "2020.10.23"]
[SourceQuality "1"]

1. d4 d5 2. c4 e6 3. Nc3 Be7 4. Nf3 Nf6 5. Bg5 h6 6. Bxf6 Bxf6 7. e3 0-0 8. Qc2 b6 9. cxd5 exd5 10. Bd3 Bb7 11. h4 c5 12. 0-0-0 c4 13. Be2 g6 14. g4 Bg7 15. Nd2 Qe8 16. Rh3 a5 17. f4 a4 18. h5 a3 19. b3 cxb3 20. Qxb3 Qc6 21. hxg6 fxg6 22. Nf3 Rc8 23. Kd2 Nd7 24. Bb5 Qe6 25. f5 gxf5 26. gxf5 Qxf5 27. Bxd7 Qxd7 28. Rg3 Kh8 29. Rdg1 Bf6 30. Rg6 Bg5 31. Nxg5 hxg5 32. Rh1+ Qh7 33. Rxh7+ Kxh7 34. Rxg5 Rc7 35. Nxd5 Bxd5 36. Qxd5 Rac8 37. Qf5+ Kh8 38. Qf6+ Kh7 39. Qg6+ Kh8 40. Rh5+ Rh7 41. Rxh7# 1-0

[Event "RUS Cup U09 Girls final"]
[Site "Bryansk"]
[Date "2019.01.06"]
[Round "3"]
[White "Gulaia, Maria"]
[Black "Labaznikova, Kseniya"]
[Result "0-1"]
[WhiteElo "1117"]
[BlackElo "1148"]
[PlyCount "76"]
[EventDate "2019.01.04"]
[EventType "swiss"]
[EventRounds "7"]
[EventCountry "RUS"]
[SourceTitle "EXT 2021"]
[Source "ChessBase"]
[SourceDate "2020.10.23"]
[SourceVersion "1"]
[SourceVersionDate "2020.10.23"]
[SourceQuality "1"]

1. d4 d5 2. c4 e6 3. Nc3 c6 4. Nf3 dxc4 5. e4 b5 6. a4 Bb4 7. Bd2 Qd7 8. Be2 Nf6 9. 0-0 0-0 10. Qc2 Na6 11. axb5 cxb5 12. e5 Nd5 13. Nxd5 Bxd2 14. Nf6+ gxf6 15. Qxd2 Kh8 16. Qh6 Rg8 17. Qxf6+ Rg7 18. Ng5 Bb7 19. Bh5 Kg8 20. Ra3 Re8 21. Nxf7 Rxg2+ 22. Kh1 Rg6+ 23. Rf3 Rxf6 24. Rg1+ Kf8 25. Nh6 Bxf3+ 26. Bxf3 Rg6 27. Rxg6 hxg6 28. Kg2 Qxd4 29. Ng4 Kg7 30. Nf6 Rf8 31. Ng4 Qf4 32. Bd1 Nc5 33. h3 Ne4 34. f3 Qd2+ 35. Kg1 Qxd1+ 36. Kg2 Qxf3+ 37. Kg1 Qg3+ 38. Kh1 Rf1# 0-1

[Event "Wch U08 Girls blitz"]
[Site "Minsk"]
[Date "2018.06.24"]
[Round "7"]
[White "Dandish, Izabella"]
[Black "Gulaia, Maria"]
[Result "0-1"]
[WhiteElo "1000"]
[BlackElo "1097"]
[PlyCount "86"]
[EventDate "2018.06.24"]
[EventType "swiss (blitz)"]
[EventRounds "9"]
[EventCountry "BLR"]
[SourceTitle "EXT 2019"]
[Source "ChessBase"]
[SourceDate "2018.10.10"]
[SourceVersion "1"]
[SourceVersionDate "2018.10.10"]
[SourceQuality "1"]

1. e4 e5 2. Nf3 Nc6 3. Bc4 Bc5 4. Nc3 Nf6 5. 0-0 d6 6. h3 0-0 7. d3 Be6 8. Bb3 Re8 9. Bg5 h6 10. Bh4 Nd4 11. Nd5 Bxd5 12. Bxd5 c6 13. Bb3 Nxb3 14. axb3 d5 15. exd5 cxd5 16. Re1 Qd6 17. c3 e4 18. dxe4 Nxe4 19. Kf1 Qb6 20. Re2 Qb5 21. b4 Bb6 22. Rc1 Rad8 23. Rcc2 Rd7 24. b3 Rc8 25. Ne5 Nxc3 26. Rxc3 Rxc3 27. Nxd7 Qxd7 28. Rd2 Qb5+ 29. Kg1 Qxb4 30. Rxd5 Qxb3 31. Qe2 Qxd5 32. Qe8+ Kh7 33. Qe2 Rc1+ 34. Kh2 Bc7+ 35. Bg3 Bxg3+ 36. fxg3 Qd1 37. Qe4+ g6 38. g4 Qh1+ 39. Kg3 Rc3+ 40. Kh4 Rxh3+ 41. gxh3 Qxe4 42. Kg3 Qe3+ 43. Kh4 Qf2# 0-1

[Event "Wch U08 Girls blitz"]
[Site "Minsk"]
[Date "2018.06.24"]
[Round "2"]
[White "Gulaia, Maria"]
[Black "Huynh, Phuc Minh Phuong"]
[Result "1-0"]
[WhiteElo "1097"]
[BlackElo "1325"]
[PlyCount "79"]
[EventDate "2018.06.24"]
[EventType "swiss (blitz)"]
[EventRounds "9"]
[EventCountry "BLR"]
[SourceTitle "EXT 2019"]
[Source "ChessBase"]
[SourceDate "2018.10.10"]
[SourceVersion "1"]
[SourceVersionDate "2018.10.10"]
[SourceQuality "1"]

1. d4 d5 2. c4 c6 3. Nf3 e6 4. Qc2 Nf6 5. g3 Nbd7 6. Bg2 Bd6 7. 0-0 0-0 8. b3 b6 9. Nc3 c5 10. dxc5 bxc5 11. Bg5 Bb7 12. Rad1 Nb6 13. Nh4 Be7 14. Bxf6 Bxf6 15. e4 d4 16. Ne2 e5 17. f4 exf4 18. Rxf4 Qe7 19. Rdf1 Bg5 20. Rg4 Rad8 21. Qd1 Nd7 22. Nf5 Qf6 23. Nf4 Ne5 24. Nh5 Qg6 25. Ne7+ Bxe7 26. Rxg6 Nxg6 27. Qg4 d3 28. Rd1 Bf6 29. Nxf6+ gxf6 30. Bf1 d2 31. h4 Kh8 32. Qf3 Ne5 33. Qxf6+ Kg8 34. Qxe5 Rfe8 35. Qg5+ Kh8 36. Rxd2 Rc8 37. Rd7 Bxe4 38. Rxf7 Rg8 39. Qf6+ Rg7 40. Qxg7# 1-0

[Event "Wch U08 Girls blitz"]
[Site "Minsk"]
[Date "2018.06.24"]
[Round "9"]
[White "Kaliakhmet, Elnaz"]
[Black "Gulaia, Maria"]
[Result "1-0"]
[WhiteElo "1286"]
[BlackElo "1097"]
[PlyCount "45"]
[EventDate "2018.06.24"]
[EventType "swiss (blitz)"]
[EventRounds "9"]
[EventCountry "BLR"]
[SourceTitle "EXT 2019"]
[Source "ChessBase"]
[SourceDate "2018.10.10"]
[SourceVersion "1"]
[SourceVersionDate "2018.10.10"]
[SourceQuality "1"]

1. d4 d5 2. Nf3 Nf6 3. e3 e6 4. Bd3 Be7 5. 0-0 0-0 6. b3 Nbd7 7. Bb2 b6 8. Nbd2 Bb7 9. Ne5 c5 10. f4 cxd4 11. exd4 Bd6 12. Qf3 Re8 13. Qh3 h6 14. g4 Qc8 15. g5 hxg5 16. fxg5 Ba6 17. Bxa6 Qxa6 18. gxf6 Nxf6 19. Qg2 Rac8 20. Rxf6 Rxc2 21. Bc1 Bb4 22. Rxf7 Bc3 23. Qxg7# 1-0

[Event "Wch U08 Girls blitz"]
[Site "Minsk"]
[Date "2018.06.24"]
[Round "5"]
[White "Zubkovskaya, Ekaterina"]
[Black "Gulaia, Maria"]
[Result "1-0"]
[WhiteElo "1386"]
[BlackElo "1097"]
[PlyCount "89"]
[EventDate "2018.06.24"]
[EventType "swiss (blitz)"]
[EventRounds "9"]
[EventCountry "BLR"]
[SourceTitle "EXT 2019"]
[Source "ChessBase"]
[SourceDate "2018.10.10"]
[SourceVersion "1"]
[SourceVersionDate "2018.10.10"]
[SourceQuality "1"]

1. e4 e5 2. Nf3 Nc6 3. Bb5 a6 4. Ba4 Nf6 5. 0-0 Be7 6. Nc3 b5 7. Bb3 d6 8. d3 Bg4 9. h3 Bh5 10. Nd5 Nxd5 11. Bxd5 Qd7 12. c4 0-0 13. Be3 Rae8 14. cxb5 axb5 15. Rc1 Nd4 16. Bxd4 exd4 17. Bc6 Qe6 18. Bxe8 Rxe8 19. Nxd4 Bxd1 20. Nxe6 Be2 21. Rfe1 Bxd3 22. Nxc7 Rd8 23. Nd5 Bg5 24. f4 Bh4 25. Re3 Bc4 26. g3 Bf6 27. Nxf6+ gxf6 28. b3 Be6 29. f5 Bd7 30. Rd3 Bc8 31. h4 Kf8 32. Rcd1 Ke7 33. Kf2 Rd7 34. Ke3 Rd8 35. g4 Rd7 36. g5 fxg5 37. hxg5 Rd8 38. e5 Bxf5 39. Rxd6 Rg8 40. Kf4 Be6 41. Rb6 Bd7 42. Rb7 Ra8 43. Rdxd7+ Ke6 44. Ke4 Ra6 45. Re7# 1-0